| 000 | 00584nam a22001697a 4500 | ||
|---|---|---|---|
| 082 |
_a891.4393 _bZIA |
||
| 100 | _aZia,Mashooq Hussain | ||
| 245 |
_aBurhan-e-Lughat/ _cMashooq Hussain Zia |
||
| 260 |
_aLahore: _bAl Waqar Publications, _c2013. |
||
| 300 |
_a268p. : _c25cm. |
||
| 563 | _aHB | ||
| 650 |
_aPurpose and Scope of the Dictionary _9129588 |
||
| 880 |
_6100-01\(3\r _aعاشق حسین ضیا |
||
| 880 |
_6245-02\(3\r _aبرہانِ لغت/ _bعاشق حسین ضیا |
||
| 880 |
_6260-03\(3\r _aلاہور: _bالوقار پبلکیشنز, _c2013. |
||
| 942 |
_2ddc _cBK |
||
| 999 |
_c614206 _d614206 |
||